| 000 | 01130nam0a22002891 4500 | ||
|---|---|---|---|
| 001 | RU\INFOCOMM_327\NLR\5000049326 | ||
| 005 | 20250613111824.0 | ||
| 035 | _a(NLR Aleph) 009596884 | ||
| 090 |
_a9285762 _c9285762 |
||
| 100 | _a20130305d1991 |||y0rusy50 ca | ||
| 101 | 0 | _aeng | |
| 102 | _aRU | ||
| 105 | _ay z ||||| | ||
| 200 | 1 |
_aThe method of finite elements in Signorini's problem _eReport _fRobert V. Namm |
|
| 210 |
_aKhabarovsk _cFar-Eastern branch of the Acad. of sciences of the USSR _d1991 |
||
| 215 |
_a14 с. _cил. _d20 см |
||
| 225 | 1 |
_aDivision of functional analysis _fAcad. of sciences of the USSR, Far-Eastern branch, Inst. for appl. mathematics _v1991-01 |
|
| 300 | _aВ вып. дан.: Метод конечных элементов в задаче Синьорини / Р. В. Намм | ||
| 320 | _aБиблиогр.: с. 14 | ||
| 606 | 0 |
_aМетод конечных элементов _2nlr_sh1 |
|
| 686 |
_aВ192.13 _2rubbk |
||
| 700 | 1 |
_aNamm _bR. V. _gRobert V. |
|
| 801 | 1 |
_aRU _bInfocomm _c20130305 |
|
| 801 | 0 |
_aRU _bINFOCOMM _gPSBO |
|
| 852 |
_aNLR _jМт01 Д-4/421 |
||
| 942 | _cBOOK | ||
| 980 | _aNB | ||